00981nam a2200277Ia 4500001001200000003000800012006001900020007001500039008004100054020001800095020001800113040002100131035002100152050002500173100002700198245005000225260004700275300001100322533015200333650001600485650001300501655002900514710001700543856012600560999001700686ebr10738695CaPaEBRm o u cr cn|||||||||111102s2013 nju s 000 0 eng d z9781118750773 z9781118750797 aCaPaEBRcCaPaEBR a(OCoLC)85706889814aBF637.L4bB87 2013eb1 aBurnison, Gary,d1961-10aLeadh[electronic resource] /cGary Burnison. aHoboken, NJ :bJohn Wiley and Sons,c2013. a201 p. aElectronic reproduction.bPalo Alto, Calif. :cebrary,d2013.nAvailable via World Wide Web.nAccess may be limited to ebrary affiliated libraries. 0aLeadership. 0aAbility. 7aElectronic books.2local2 aebrary, Inc.40uhttp://site.ebrary.com/lib/rucke/Doc?id=10738695zAn electronic book accessible through the World Wide Web; click to view c36383d36383